000 01990nam a2200289Ia 4500
999 _c53839
_d53839
001 20890
003 GE_BSU
005 20210508140705.0
008 181216s2014||||ge |||||||||||||| ||geo||
020 _a9789941935558
040 _cGE_BSU
041 _ageo
080 _a342.726-056.24+614 კ-44
100 _aკვანტალიანი, ნუნუ
_92881
245 _aპაციენტის უფლებები და ჯანმრთელობის დაცვის პერსონალის სამოქალაქო სამართლებრივი პასუხისმგებლობის საფუძვლები /
_cნუნუ კვანტალიანი; რედაქტორი: ზურაბ ძლიერიშვილი.
264 _aთბილისი :
_bიურისტების სამყარო,
_c2014.
300 _a227 გვ.;
_b19 სმ.
504 _aბიბლიოგრ.: გვ. 209-211; მონოგრაფიები:გვ. 212-215
520 _aწინამდებარე კვლევა წარმოადგენს საქართველოს ტექნიკურ უნივერსიტეტში 2012 წლის 9 ივნისს დაცულ დისერტაციას.
541 _h11ლ.
653 _aსამართალი
653 _aსამართალი. პაციენტის უფლებები
653 _aჯანმრთელობის დაცვის სფეროში პაციენტის უფლებების დაცვის საერთაშორისო და ეროვნული სტანდარტები
653 _aსამოქალაქო სამართალი
700 _aძლიერიშვილი, ზურაბ
_eრედაქტორი
_98152
942 _cBK
_2udc